Biela kniha Európskej únie

Komparabilita podmienok a mechanizmov fungovania vnútorného trhu v Európskej únii - hlavný cieľ vyplývajúci pre asociované krajiny z tzv. Bielej knihy. Nebezpečenstvo mechanického prenášania odporúčaných pravidiel a legislatívy.

Salvato in:
Dettagli Bibliografici
Autore principale: Laščiak, Adam
Natura: Capitolo di libro
Lingua:slovacco
Soggetti:
Tags: Aggiungi Tag
Nessun Tag, puoi essere il primo ad aggiungerne!!

MARC

LEADER 00000naa a2200000 4500
001 r021223
005 20230801104641.1
041 0 |a slo 
044 |a SK 
245 1 0 |a Biela kniha Európskej únie  |c Adam Laščiak 
520 |a Komparabilita podmienok a mechanizmov fungovania vnútorného trhu v Európskej únii - hlavný cieľ vyplývajúci pre asociované krajiny z tzv. Bielej knihy. Nebezpečenstvo mechanického prenášania odporúčaných pravidiel a legislatívy. 
610 2 0 |a Európska únia 
610 2 0 |a integrácia ekonomická medzinárodná 
610 2 0 |a Biela kniha 
610 2 0 |a dohody asociačné 
100 1 |a Laščiak, Adam